[Event "Ustron op-C"]
[Site "Ustron"]
[Date "2021.08.18"]
[Round "7"]
[White "Brzezina, Piotr"]
[Black "Wiercigroch, Grzegorz"]
[Result "1-0"]
[WhiteElo "1372"]
[BlackElo "1564"]
[PlyCount "81"]
[EventDate "2021.08.13"]
[EventType "swiss"]
[EventRounds "9"]
[EventCountry "POL"]
[SourceTitle "EXT 2022"]
[Source "ChessBase"]
[SourceDate "2021.10.06"]
[SourceVersion "1"]
[SourceVersionDate "2021.10.06"]
[SourceQuality "1"]

1. e4 c5 2. Nf3 g6 3. Nc3 Bg7 4. Bc4 Nc6 5. 0-0 e6 6. a3 Nge7 7. d3 d5 8. Ba2 Bxc3 9. bxc3 dxe4 10. dxe4 Qxd1 11. Rxd1 b6 12. Bg5 Ng8 13. Rd6 h6 14. Bh4 g5 15. Bg3 Nge7 16. Ne5 Bb7 17. Nd7 Ng6 18. Rad1 Rd8 19. f3 Ke7 20. Bc4 Nf4 21. Bxf4 gxf4 22. e5 Nxe5 23. Nxe5 Rxd6 24. Rxd6 Kxd6 25. Nxf7+ Ke7 26. Nxh8 Kf6 27. Bd3 c4 28. Bxc4 Bc6 29. Ng6 Kxg6 30. Bxe6 Kf6 31. Bb3 Ke5 32. Kf2 a5 33. g3 b5 34. Bg8 fxg3+ 35. hxg3 Bd5 36. Bxd5 Kxd5 37. Ke3 Kc4 38. Kd2 Kc5 39. Kd3 Kd5 40. g4 Kc5 41. f4 1-0